000 00292nam a22001217a 4500
008 180505b xxu||||| |||| 00| 0 eng d
041 _aeng
080 _a043.3
100 _a0
101 _aSHKI-MA
245 _aKrahasimi i CMS ne PHP-WORDPRESS kundrejt JOOMLA
_cHyseni, D
942 _2udc
_cBK
999 _c45685
_d45685